书目信息 |
| 题名: |
预拌混凝土生产企业试验员实用读本
|
|
| 作者: | 杨绍林 主编 | |
| 分册: | ||
| 出版信息: | 北京 中国建筑工业出版社 2011.06 |
|
| 页数: | 584页 | |
| 开本: | 20cm | |
| 丛书名: | ||
| 单 册: | ||
| 中图分类: | TU528.52 | |
| 科图分类: | ||
| 主题词: | 建筑材料:非金属材料 | |
| 电子资源: | ||
| ISBN: | 978-7-112-12991-1 | |
| 000 | 00767nam0 2200241 450 | |
| 001 | 296922 | |
| 005 | 20110830171557.39 | |
| 010 | @a978-7-112-12991-1@dCNY45.00 | |
| 100 | @a20110830d2011 km y0chiy0120 ea | |
| 101 | 0 | @achi |
| 102 | @aCN@b110000 | |
| 105 | @aak a 100yy | |
| 106 | @ar | |
| 200 | 1 | @a预拌混凝土生产企业试验员实用读本@Ayu ban hun ning tu sheng chan qi ye shi yan yuan shi yong du ben@f杨绍林主编@Fyang shao lin zhu bian |
| 210 | @a北京@c中国建筑工业出版社@d2011.06 | |
| 215 | @a584页@d20cm | |
| 330 | @a本书内容主要包括常用资料,预拌混凝土企业实验室基本要求与管理等内容。 | |
| 586 | @a | |
| 606 | 0 | @a建筑材料:非金属材料 |
| 690 | @aTU528.52@v5 | |
| 701 | 0 | @a杨绍林@Ayang shao lin@4主编 |
| 801 | 0 | @aCN@c20110610 |
| 905 | @dTU528.52@eY260 | |
| 预拌混凝土生产企业试验员实用读本/杨绍林主编.-北京:中国建筑工业出版社,2011.06 |
| 584页;20cm |
| ISBN 978-7-112-12991-1:CNY45.00 |
| 本书内容主要包括常用资料,预拌混凝土企业实验室基本要求与管理等内容。 |
| ● |
| 相关链接 |
|
|
|
正题名:预拌混凝土生产企业试验员实用读本
索取号:TU528.52/Y260
 
预约/预借
| 序号 | 登录号 | 条形码 | 馆藏地/架位号 | 状态 | 备注 |
| 1 | 889632 | 208896328 | 建筑库201/201建筑库 8排3列4层/ [索取号:TU528.52/Y260] | 在馆 | |
| 2 | 889633 | 208896337 | 建筑库201/201建筑库 8排3列4层/ [索取号:TU528.52/Y260] | 在馆 | |
| 3 | 889634 | 208896346 | 建筑库201/201建筑库 8排3列4层/ [索取号:TU528.52/Y260] | 在馆 |